The next step travia - Statistics

General Stats
  • This quiz has been taken 1,182 times
  • The average score is 8 of 11
Answer Stats
Hint Answer % Correct
Who is the studio owner of season 1, 2 and 3 Kate
98%
Who was the studio owner of season 4 and 5 Riley
91%
Who is the youngest next step dancer Riley
91%
What is james sisters name Piper
90%
And how old is she in season 1 14
82%
How many seasons are there 6
79%
Piper, solone, cassie and who? Is in the 0% club Amy
77%
Who dated and broke up with Amy in 4th season Latroy
67%
What year did the next step started 2011
58%
Who was the creator of the next step tv series Frank vankeeken
31%
How many episodes of the next step are there 180
16%
No matching quizzes found
Score Distribution
Percent of People with Each Score
Percentile by Number Answered
Your Score History
You have not taken this quiz